| 000 | 003060000a22000970004500 | ||
|---|---|---|---|
| 100 | 1 | _aRooy, Sidney | |
| 245 | 1 | 0 | _aLos indígemas del Chimborazo y la evangelización protestante : Los comienzos |
| 300 | _aVol. 19, Num 3 ( Julio-Septiembre, 2000), Páginas 25-27 | ||
| 773 | 0 | _tIglesia y Misión | |
| 942 | _cANA | ||
| 999 |
_c52455 _d52455 |
||